Greg ou pas Greg ? - Statistiques

Statistiques générales
  • Ce quiz a été pris 4 fois
  • Le résultat moyen est 5 sur 7
Statistiques - réponses
Question Réponse % Correct
Oe c'est le fils de... Greg
100%
Allo Bassem Oe c'est greg
100%
Il a un super fils C'est Greg
67%
Ils habitent partout en nouvelle aquitaine Ils sont Greg
67%
Appelle Bassem pour lui souhaiter une bonne soirée Oe c'est Greg
67%
Champion de natation dans lac Pas gregory
67%
A génocidé 6 Millions de juifs C'est pas Greg
33%
Aucun quiz correspondant
Distribution des résultats
% des personnes avec chaque résultat
Percentile par nombre de réponses
Votre historique - résultats
Vous n’avez pas pris ce quiz